000 00661nam a2200277Ia 4500
005 20260324143000.0
008 008 260324s9999 xx 000 0 eng d
020 _a9781351073783
037 _aEBOOK
040 _aCRL
040 _beng
040 _cCRL
041 _2eng
041 _aeng
084 _qCRL
100 _aE. Desmond Goddard
_91213959
245 0 _aInteractions of Surfactants with Polymers and Proteins
260 _bTaylor and Francis
260 _c1993
365 _a
365 _b525
856 _uhttp://www.taylorfrancis.com/books/9781351073783
942 _cEBOOK
999 _c1818801
_d1818801